MARC

LEADER 00000nam0a2200000 4500
001 300232
005 20231102001300.0
020 |a RU  |b 82-92819 
035 |a (RuTPU)RU\TPU\book\325385 
090 |a 300232 
100 |a 20150708d1982 km y0rusy5003 ca 
101 0 |a rus 
102 |a RU 
105 |a a z 001zy 
200 1 |a Множественные метеоритные взрывы как геологический фактор  |f Академия наук СССР (АН СССР), Институт минералогии, геохимии и кристаллохимии редких элементов (ИМГРЭ) ; под ред. Л. Н. Овчинникова 
210 |a Москва  |c Недра  |d 1982 
215 |a 120 с.  |c ил. 
300 |a Авт. указан на обороте тит. л. 
320 |a Библиогр.: с. 80-101 
606 1 |a Космогенные структуры  |2 stltpush  |3 (RuTPU)RU\TPU\subj\15883  |9 42087 
610 1 |a метеоритные кратеры 
610 1 |a кольцевые структуры 
610 1 |a метеоритные взрывы 
610 1 |a метеоритные воронки 
610 1 |a рельеф 
610 1 |a состав 
610 1 |a рыхлые отложения 
610 1 |a минералы 
610 1 |a Кольский полуостров 
610 1 |a метеоритные дожди 
675 |a 551.243.13  |z rus  |v 3 
702 1 |a Овчинников  |b Л. Н.  |g Лев Николаевич  |4 340 
712 0 2 |a Академия наук СССР (АН СССР)  |b Институт минералогии, геохимии и кристаллохимии редких элементов (ИМГРЭ)  |c (Москва)  |2 stltpush  |3 (RuTPU)RU\TPU\col\10887 
801 0 |a RU  |b RuMRKP  |c 19950704  |g psbo 
801 1 |a RU  |b 63413507  |c 20150708 
801 2 |a RU  |b 63413507  |c 20190312  |g RCR 
942 |c BK